000 01367cam a2200361 a 4500
999 _c914
_d914
001 13596594
003 GZU
005 20200916111953.0
008 040518s2004 nyua 001 0aeng
010 _a 2004107564
020 _a9780375414572 (hardcover)
020 _a0375414576
020 _a0091795273
040 _aDLC
_cDLC
_dDLC
043 _an-us---
050 0 0 _aE886
_b.CLI 2004
100 1 _aClinton, Bill,
_d1946-
_eauthor
245 1 0 _aMy life /
_cBill Clinton.
260 _aNew York :
_bKnopf,
_c2004.
300 _a957, xliii p. :
_bill. ;
_c24 cm.
500 _aIncludes index.
600 1 0 _aClinton, Bill,
_d1946-
600 1 0 _aClinton, Bill,
_d1946-
_xFamily.
600 3 0 _aClinton family.
650 0 _aPresidents
_zUnited States
_vBiography.
651 0 _aUnited States
_xPolitics and government
_y1993-2001.
856 4 1 _3Sample text
_uhttp://www.loc.gov/catdir/samples/random051/2004107564.html
856 4 2 _3Publisher description
_uhttp://www.loc.gov/catdir/description/random051/2004107564.html
856 4 2 _3Contributor biographical information
_uhttps://www.loc.gov/catdir/enhancements/fy1616/2004107564-b.html
906 _a7
_bcbc
_corignew
_d1
_eepcn
_f20
_gy-gencatlg
942 _2lcc
_cBK
_h886
_iCLI
_kE